Championship volleyball
| Main Author: | |
|---|---|
| Format: | Book |
| Published: |
New York :
A Fireside Book ,
1990
|
| Subjects: |
MARC
| LEADER | 00000cam a2200000 7i4500 | ||
|---|---|---|---|
| 001 | 0000005774 | ||
| 002 | 000006241 | ||
| 005 | 20000330.0 | ||
| 020 | |a 0671692305 | ||
| 090 | 0 | 0 | |a 796.325 |b KIR |
| 100 | 1 | |a Kiraly, Karch | |
| 245 | 1 | 0 | |a Championship volleyball |c Karch Kiraly |
| 260 | |a New York : |b A Fireside Book , |c 1990 | ||
| 300 | |a 173p. ; |c 23cm. | ||
| 650 | 0 | 0 | |a Volleyball |
| 999 | |a 037749 |b BUKU |c PINJAMAN |e PERPUSTAKAAN KOMUNITI PETALING JAYA | ||